[Event "16. Torneo Navalmoral de la Mata"]
[Site "Navamoral de la Mata ESP"]
[Date "2010.12.06"]
[Round "5.10"]
[White "Aranaz Portugues, Jose Carlos"]
[Black "Kislinsky, Alexey"]
[Result "0-1"]
[WhiteElo "2122"]
[BlackElo "2483"]
[PlyCount "122"]
[EventDate "2010.12.04"]
[EventType "swiss"]
[EventRounds "9"]
[EventCountry "ESP"]
[Source "lmi"]
[SourceDate "2010.12.04"]

1. d4 g6 2. c4 Bg7 3. Nf3 d6 4. e4 c5 5. dxc5 Qa5+ 6. Bd2 Qxc5 7. Bc3 Nf6 8.
Nbd2 Ng4 9. Qe2 Bxc3 10. bxc3 Qa5 11. Qd3 Na6 12. Nb3 Qb6 13. Qd4 e5 14. Qxb6
axb6 15. Bd3 Nc5 16. Nxc5 bxc5 17. h3 Nf6 18. Kd2 Bd7 19. Rhb1 Bc6 20. Ke3 Ke7
21. Nd2 Ra5 22. a3 Rha8 23. Rb3 Nh5 24. g3 Ng7 25. Ra2 R5a7 26. Nb1 Rf8 27. f3
Nh5 28. Rg2 f5 29. Ke2 Ra4 30. Nd2 Ke6 31. Rg1 Raa8 32. Rg2 Rf7 33. Ke1 Kd7 34.
Ke2 Kc7 35. Rg1 Ba4 36. Rb2 Bd7 37. Nb1 Nf6 38. g4 fxe4 39. fxe4 h5 40. gxh5
Nxh5 41. Ke1 Nf4 42. Rg3 Bxh3 43. Rh2 Be6 44. Bf1 Ra4 45. Kd2 Bxc4 46. Bxc4
Rxc4 47. Ke3 Ra4 48. Rh1 Ra6 49. Kd2 Rb6 50. Kc2 Ra6 51. c4 Ne2 52. Rxg6 Nd4+
53. Kd2 Rb6 54. Nc3 Rb2+ 55. Ke1 Nc2+ 56. Kd2 Nxa3+ 57. Ke1 Nc2+ 58. Kd2 Nb4+
59. Ke3 Rb3 60. Kd2 Rf2+ 61. Ke3 Rc2 0-1

[Event "16. Torneo Navalmoral de la Mata"]
[Site "Navamoral de la Mata ESP"]
[Date "2010.12.06"]
[Round "6.1"]
[White "Spasov, Vasil"]
[Black "Perez Candelario, Manuel"]
[Result "1/2-1/2"]
[WhiteElo "2606"]
[BlackElo "2524"]
[PlyCount "44"]
[EventDate "2010.12.04"]
[EventType "swiss"]
[EventRounds "9"]
[EventCountry "ESP"]
[Source "lmi"]
[SourceDate "2010.12.04"]

1. e4 c5 2. Nf3 d6 3. Bb5+ Bd7 4. Bxd7+ Qxd7 5. c4 Nf6 6. Nc3 g6 7. d4 cxd4 8.
Nxd4 Bg7 9. h3 O-O 10. Be3 Rc8 11. b3 Na6 12. O-O Nc5 13. f3 e6 14. Rc1 Qe7 15.
Re1 a6 16. Qd2 Rd8 17. Rcd1 Rac8 18. Bh6 Bxh6 19. Qxh6 Qc7 20. Qe3 Ncd7 21.
Nde2 Qb8 22. Nd4 Qc7 1/2-1/2

[Event "16. Torneo Navalmoral de la Mata"]
[Site "Navamoral de la Mata ESP"]
[Date "2010.12.06"]
[Round "6.2"]
[White "Cornette, Matthieu"]
[Black "Kislinsky, Alexey"]
[Result "1/2-1/2"]
[WhiteElo "2522"]
[BlackElo "2483"]
[PlyCount "47"]
[EventDate "2010.12.04"]
[EventType "swiss"]
[EventRounds "9"]
[EventCountry "ESP"]
[Source "lmi"]
[SourceDate "2010.12.04"]

1. e4 c5 2. Nf3 Nc6 3. d4 cxd4 4. Nxd4 g6 5. c4 Nf6 6. Nc3 d6 7. Be2 Bg7 8. Be3
O-O 9. O-O Nxd4 10. Bxd4 Bd7 11. Qd2 Bc6 12. f3 a5 13. b3 Nd7 14. Be3 Nc5 15.
Rab1 Qb8 16. Rfd1 Rc8 17. Bf1 b6 18. a3 Be5 19. Kh1 h5 20. Nd5 Bxd5 21. exd5
Rc7 22. Bd3 Bf6 23. a4 Qf8 24. Bc2 1/2-1/2

[Event "16. Torneo Navalmoral de la Mata"]
[Site "Navamoral de la Mata ESP"]
[Date "2010.12.06"]
[Round "6.3"]
[White "Le Roux, Jean-Pierre"]
[Black "Del Rio De Angelis, Salvador G"]
[Result "1/2-1/2"]
[WhiteElo "2520"]
[BlackElo "2489"]
[PlyCount "50"]
[EventDate "2010.12.04"]
[EventType "swiss"]
[EventRounds "9"]
[EventCountry "ESP"]
[Source "lmi"]
[SourceDate "2010.12.04"]

1. d4 e6 2. c4 Nf6 3. g3 d5 4. Nf3 Be7 5. Bg2 O-O 6. O-O c6 7. Qc2 b6 8. Rd1
Nbd7 9. Nc3 Ba6 10. b3 Rc8 11. Bb2 Qe8 12. Nd2 c5 13. dxc5 Bxc5 14. a3 Ng4 15.
Rf1 Ndf6 16. h3 Ne5 17. Rac1 Bd6 18. Rfd1 Qe7 19. cxd5 exd5 20. Qf5 g6 21. Qg5
d4 22. Nce4 Nxe4 23. Nxe4 Qxg5 24. Nxg5 Bxe2 25. Rxd4 Rxc1+ 1/2-1/2

[Event "16. Torneo Navalmoral de la Mata"]
[Site "Navamoral de la Mata ESP"]
[Date "2010.12.06"]
[Round "6.4"]
[White "Khamrakulov, Ibragim S"]
[Black "Galego, Luis"]
[Result "1/2-1/2"]
[WhiteElo "2494"]
[BlackElo "2500"]
[PlyCount "25"]
[EventDate "2010.12.04"]
[EventType "swiss"]
[EventRounds "9"]
[EventCountry "ESP"]
[Source "lmi"]
[SourceDate "2010.12.04"]

1. e4 c5 2. Nf3 e6 3. c3 Nf6 4. e5 Nd5 5. Bc4 d6 6. d4 Nc6 7. O-O cxd4 8. cxd4
Be7 9. exd6 Qxd6 10. Nc3 O-O 11. Ne4 Qd8 12. Be3 b6 13. Rc1 1/2-1/2

[Event "16. Torneo Navalmoral de la Mata"]
[Site "Navamoral de la Mata ESP"]
[Date "2010.12.06"]
[Round "6.5"]
[White "Cruz, Cristhian"]
[Black "Fedorchuk, Sergey A"]
[Result "1-0"]
[WhiteElo "2485"]
[BlackElo "2674"]
[PlyCount "73"]
[EventDate "2010.12.04"]
[EventType "swiss"]
[EventRounds "9"]
[EventCountry "ESP"]
[Source "lmi"]
[SourceDate "2010.12.04"]

1. d4 Nf6 2. c4 e6 3. Nc3 Bb4 4. Qc2 O-O 5. e4 d6 6. a3 Bxc3+ 7. bxc3 Nbd7 8.
Bd3 c5 9. Ne2 Qc7 10. a4 b6 11. O-O Ba6 12. f4 d5 13. exd5 exd5 14. cxd5 c4 15.
Bf5 Rfe8 16. Ba3 Bb7 17. d6 Qc6 18. Ng3 Re3 19. Rf2 Rae8 20. Raf1 h5 21. d5
Qxd5 22. Nxh5 Nxh5 23. Bxd7 Nxf4 24. Qf5 Ne2+ 25. Kh1 R8e5 26. Qxf7+ Qxf7 27.
Rxf7 Rg5 28. Rf8+ Kh7 29. Bf5+ g6 30. Rf7+ Kh6 31. Rxb7 Rxf5 32. Rxf5 Nf4 33.
h3 gxf5 34. d7 Re1+ 35. Kh2 Ne6 36. Rc7 Kg5 37. Be7+ 1-0

[Event "16. Torneo Navalmoral de la Mata"]
[Site "Navamoral de la Mata ESP"]
[Date "2010.12.06"]
[Round "6.6"]
[White "Shchekachev, Andrei"]
[Black "Corrales Jimenez, Fidel"]
[Result "0-1"]
[WhiteElo "2527"]
[BlackElo "2597"]
[PlyCount "116"]
[EventDate "2010.12.04"]
[EventType "swiss"]
[EventRounds "9"]
[EventCountry "ESP"]
[Source "lmi"]
[SourceDate "2010.12.04"]

1. Nf3 c5 2. c4 Nc6 3. d4 cxd4 4. Nxd4 Nf6 5. Nc3 e6 6. a3 Bc5 7. Nb3 Be7 8. e4
b6 9. f4 d6 10. Be3 O-O 11. Bd3 Bb7 12. O-O Rc8 13. Rc1 Nd7 14. Nd2 e5 15. f5
Bg5 16. Bxg5 Qxg5 17. Nf3 Qh6 18. Nd5 Rfe8 19. Qd2 Qxd2 20. Nxd2 Nd4 21. Nc3 g6
22. fxg6 hxg6 23. b4 Nf8 24. Nf3 Nfe6 25. Nxd4 Nxd4 26. Rfd1 Rc7 27. Ne2 Nxe2+
28. Bxe2 Re6 29. Bd3 Kf8 30. Kf2 Re8 31. Ke3 Ke7 32. h4 Bc8 33. Be2 Be6 34. g4
Rec8 35. h5 gxh5 36. gxh5 Bxc4 37. h6 Bxe2 38. Rxc7+ Rxc7 39. Rh1 Rc8 40. h7
Rh8 41. Kxe2 b5 42. a4 bxa4 43. Ra1 Rxh7 44. Rxa4 Ke6 45. Rxa7 Rh4 46. Ke3 f5
47. exf5+ Kxf5 48. b5 Rb4 49. Rb7 d5 50. Rb8 d4+ 51. Kd2 Ke4 52. b6 d3 53. b7
Rb2+ 54. Kc1 Rc2+ 55. Kd1 Rc7 56. Kd2 Rh7 57. Kc1 Ke3 58. Re8 d2+ 0-1

[Event "16. Torneo Navalmoral de la Mata"]
[Site "Navamoral de la Mata ESP"]
[Date "2010.12.06"]
[Round "6.7"]
[White "Malaniuk, Vladimir P"]
[Black "Korneev, Oleg"]
[Result "0-1"]
[WhiteElo "2510"]
[BlackElo "2582"]
[PlyCount "35"]
[EventDate "2010.12.04"]
[EventType "swiss"]
[EventRounds "9"]
[EventCountry "ESP"]
[Source "lmi"]
[SourceDate "2010.12.04"]

1. d4 d5 2. c4 c6 3. Nf3 Nf6 4. Nc3 dxc4 5. a4 Bf5 6. Ne5 e6 7. f3 Bb4 8. e4
Bxe4 9. fxe4 Nxe4 10. Bd2 Qxd4 11. Nxe4 Qxe4+ 12. Qe2 Bxd2+ 13. Kxd2 Qd5+ 14.
Kc2 Na6 15. Nxc4 O-O 16. Qe5 Rfd8 17. Be2 f6 18. Qe3 0-1

[Event "16. Torneo Navalmoral de la Mata"]
[Site "Navamoral de la Mata ESP"]
[Date "2010.12.06"]
[Round "6.8"]
[White "Kolev Ivanov, Atanas"]
[Black "Gonzalez Perez, Arian"]
[Result "1/2-1/2"]
[WhiteElo "2571"]
[BlackElo "2435"]
[PlyCount "80"]
[EventDate "2010.12.04"]
[EventType "swiss"]
[EventRounds "9"]
[EventCountry "ESP"]
[Source "lmi"]
[SourceDate "2010.12.04"]

1. d4 Nf6 2. Nf3 g6 3. Bg5 Bg7 4. Nbd2 O-O 5. c3 d6 6. e4 h6 7. Bh4 Qe8 8. Bc4
e5 9. dxe5 dxe5 10. O-O Nc6 11. Re1 Nh5 12. a4 Be6 13. Bf1 Nf4 14. Qc2 f6 15.
Bg3 Qf7 16. Bxf4 exf4 17. Nd4 Ne5 18. Nxe6 Qxe6 19. Qb3 Qxb3 20. Nxb3 Kf7 21.
Red1 Rfd8 22. Be2 Bf8 23. f3 Be7 24. g3 Rxd1+ 25. Rxd1 fxg3 26. hxg3 Rd8 27.
Rxd8 Bxd8 28. f4 Nd7 29. Bc4+ Ke8 30. Bd3 c6 31. Kg2 Nb6 32. a5 Na4 33. e5 g5
34. a6 bxa6 35. Nd4 gxf4 36. Bg6+ Kd7 37. Bf5+ Ke8 38. Bg6+ Kd7 39. Bf5+ Ke8
40. Bg6+ Kd7 1/2-1/2

[Event "16. Torneo Navalmoral de la Mata"]
[Site "Navamoral de la Mata ESP"]
[Date "2010.12.06"]
[Round "6.9"]
[White "Koziak, Vitali"]
[Black "Leon Hoyos, Manuel"]
[Result "0-1"]
[WhiteElo "2460"]
[BlackElo "2570"]
[PlyCount "128"]
[EventDate "2010.12.04"]
[EventType "swiss"]
[EventRounds "9"]
[EventCountry "ESP"]
[Source "lmi"]
[SourceDate "2010.12.04"]

1. e4 c5 2. c3 g6 3. Nf3 Bg7 4. d4 cxd4 5. cxd4 d5 6. e5 Bg4 7. Bb5+ Nc6 8. Nc3
e6 9. O-O Nge7 10. h3 Bxf3 11. Qxf3 O-O 12. Qd3 Rc8 13. Be3 Na5 14. Qd2 Nf5 15.
b3 Nc6 16. Ne2 Nxe3 17. fxe3 Qb6 18. Bxc6 Rxc6 19. Rac1 Rfc8 20. Rxc6 bxc6 21.
Nc3 Qa5 22. Ne4 Qxd2 23. Nxd2 Bh6 24. Re1 c5 25. Nf3 cxd4 26. Nxd4 Bg7 27. Nf3
Rc2 28. e4 dxe4 29. Rxe4 Rxa2 30. Rc4 Bh6 31. Kh2 Be3 32. h4 h6 33. Kh3 Kg7 34.
Rc3 Bb6 35. b4 Rb2 36. Rc4 Re2 37. g3 Rf2 38. Rf4 Be3 39. Re4 Bb6 40. Kg4 Bc7
41. Nd4 Rd2 42. Kf4 Rd3 43. g4 Bd8 44. g5 h5 45. Nb5 Rh3 46. Nxa7 Rxh4+ 47. Kf3
Rh3+ 48. Ke2 Bxg5 49. b5 Rh2+ 50. Kd1 Rb2 51. Re2 Rb4 52. Kc2 Bd8 53. Nc6 Rxb5
54. Nxd8 Rc5+ 55. Kb2 g5 56. Rf2 Rc7 57. Rf6 h4 58. Rf3 Rd7 59. Nc6 Kg6 60. Nb4
g4 61. Rf6+ Kg5 62. Nc2 h3 63. Ne3 h2 64. Rf1 Rd3 0-1

[Event "16. Torneo Navalmoral de la Mata"]
[Site "Navamoral de la Mata ESP"]
[Date "2010.12.06"]
[Round "6.10"]
[White "Chueca Forcen, Alberto"]
[Black "Perez Mitjans, Orelvis"]
[Result "0-1"]
[WhiteElo "2304"]
[BlackElo "2460"]
[PlyCount "90"]
[EventDate "2010.12.04"]
[EventType "swiss"]
[EventRounds "9"]
[EventCountry "ESP"]
[Source "lmi"]
[SourceDate "2010.12.04"]

1. d4 d5 2. c4 Nc6 3. Nf3 Bg4 4. Nc3 e6 5. Bf4 Bd6 6. Bxd6 Qxd6 7. e3 Nge7 8.
Rc1 O-O 9. Bd3 f5 10. cxd5 exd5 11. h3 Bxf3 12. Qxf3 f4 13. O-O fxe3 14. Qxe3
a6 15. Rfd1 Rae8 16. Qg5 h6 17. Qh5 Nxd4 18. Bxa6 g6 19. Qxh6 Nef5 20. Qg5 bxa6
21. Kh1 Re5 22. f4 Re3 23. Nxd5 Rg3 24. Ne7+ Qxe7 25. Qxe7 Nxe7 26. Rxd4 c6 27.
Re1 Rf7 28. Re5 Nf5 29. Rd8+ Kg7 30. Kh2 Re3 31. g4 Rxe5 32. fxe5 Ne7 33. Kg3
Rf1 34. Ra8 Re1 35. Rxa6 Rxe5 36. b4 Re3+ 37. Kf4 Nd5+ 38. Kg5 Re5+ 39. Kh4
Nxb4 40. Ra7+ Kf6 41. Rd7 Nd5 42. a4 Nf4 43. g5+ Rxg5 44. Rd6+ Kf5 45. Rxc6
Ng2# 0-1

[Event "16. Torneo Navalmoral de la Mata"]
[Site "Navamoral de la Mata ESP"]
[Date "2010.12.07"]
[Round "7.1"]
[White "Perez Candelario, Manuel"]
[Black "Corrales Jimenez, Fidel"]
[Result "0-1"]
[WhiteElo "2524"]
[BlackElo "2597"]
[PlyCount "102"]
[EventDate "2010.12.04"]
[EventType "swiss"]
[EventRounds "9"]
[EventCountry "ESP"]
[Source "lmi"]
[SourceDate "2010.12.04"]

1. e4 c5 2. Nf3 d6 3. d4 cxd4 4. Nxd4 Nf6 5. Nc3 a6 6. Bg5 e6 7. f4 Nbd7 8. Qe2
Qc7 9. O-O-O Be7 10. g4 b5 11. a3 Rb8 12. Bh4 h6 13. Be1 g5 14. f5 Ne5 15. h4
Rg8 16. hxg5 hxg5 17. fxe6 fxe6 18. Nf3 Nfxg4 19. Nxe5 Nxe5 20. Rh7 Rb7 21.
Qh5+ Kd7 22. Bg3 Qc5 23. Qh2 Kc6 24. Ne2 Ng4 25. Qh3 e5 26. Nc3 b4 27. Bxa6
bxc3 28. Bxb7+ Bxb7 29. Rxe7 cxb2+ 30. Kxb2 Rb8 31. Be1 Bc8+ 32. Bb4 Ne3 33.
Qxc8+ Rxc8 34. Bxc5 Nxd1+ 35. Kc1 Nc3 36. Bb4 Nxe4 37. Rg7 Ra8 38. c4 Rh8 39.
Kc2 Rh4 40. Kd3 Nc5+ 41. Kc3 g4 42. Bxc5 Kxc5 43. Rc7+ Kb6 44. Rg7 Rh1 45. a4
Rg1 46. Kb4 g3 47. a5+ Ka6 48. Rg6 g2 49. Rxd6+ Ka7 50. Kc5 Rb1 51. Rd7+ Kb8
0-1

[Event "16. Torneo Navalmoral de la Mata"]
[Site "Navamoral de la Mata ESP"]
[Date "2010.12.07"]
[Round "7.2"]
[White "Cruz, Cristhian"]
[Black "Spasov, Vasil"]
[Result "1/2-1/2"]
[WhiteElo "2485"]
[BlackElo "2606"]
[PlyCount "50"]
[EventDate "2010.12.04"]
[EventType "swiss"]
[EventRounds "9"]
[EventCountry "ESP"]
[Source "lmi"]
[SourceDate "2010.12.04"]

1. d4 Nf6 2. c4 g6 3. Nc3 Bg7 4. e4 d6 5. Be2 O-O 6. Nf3 e5 7. Be3 Ng4 8. Bg5
f6 9. Bh4 g5 10. Bg3 Nh6 11. d5 Nd7 12. Nd2 f5 13. exf5 Nxf5 14. Nde4 h6 15.
O-O Nf6 16. Bd3 Nd4 17. Nxf6+ Qxf6 18. Nb5 Nxb5 19. cxb5 Bf5 20. Bxf5 Qxf5 21.
Rc1 Rf7 22. Rc4 e4 23. b3 Re8 24. Re1 Ree7 25. Re3 b6 1/2-1/2

[Event "16. Torneo Navalmoral de la Mata"]
[Site "Navamoral de la Mata ESP"]
[Date "2010.12.07"]
[Round "7.3"]
[White "Korneev, Oleg"]
[Black "Khamrakulov, Ibragim S"]
[Result "1/2-1/2"]
[WhiteElo "2582"]
[BlackElo "2494"]
[PlyCount "25"]
[EventDate "2010.12.04"]
[EventType "swiss"]
[EventRounds "9"]
[EventCountry "ESP"]
[Source "lmi"]
[SourceDate "2010.12.04"]

1. e4 c5 2. Nf3 e6 3. d4 cxd4 4. Nxd4 a6 5. Bd3 Qc7 6. O-O Nf6 7. Qe2 d6 8. c4
Be7 9. Nc3 Nbd7 10. f4 b6 11. Bd2 Bb7 12. Rac1 Qc5 13. b4 1/2-1/2

[Event "16. Torneo Navalmoral de la Mata"]
[Site "Navamoral de la Mata ESP"]
[Date "2010.12.07"]
[Round "7.4"]
[White "Kislinsky, Alexey"]
[Black "Leon Hoyos, Manuel"]
[Result "1-0"]
[WhiteElo "2483"]
[BlackElo "2570"]
[PlyCount "67"]
[EventDate "2010.12.04"]
[EventType "swiss"]
[EventRounds "9"]
[EventCountry "ESP"]
[Source "lmi"]
[SourceDate "2010.12.04"]

1. e4 c5 2. c3 d6 3. d4 Nf6 4. Bd3 g6 5. h3 Bg7 6. Nf3 O-O 7. O-O d5 8. e5 Ne4
9. Re1 cxd4 10. cxd4 Bf5 11. g4 Be6 12. Nc3 Nxc3 13. bxc3 Nc6 14. Ng5 Bd7 15.
f4 f6 16. Nf3 fxe5 17. fxe5 Qc8 18. Nh4 Nxe5 19. dxe5 Qxc3 20. Bg5 Bc6 21. Nf3
d4 22. Nh4 Bd5 23. Bxe7 Rf7 24. Rc1 Qb2 25. Rc2 Qb6 26. Bd6 Bh6 27. Ng2 Rf3 28.
Kh2 Kh8 29. Rc5 Qb2 30. Re2 Qa3 31. Rxd5 Rxd3 32. Bxa3 Rxd1 33. e6 d3 34. Rf2
1-0

[Event "16. Torneo Navalmoral de la Mata"]
[Site "Navamoral de la Mata ESP"]
[Date "2010.12.07"]
[Round "7.5"]
[White "Del Rio De Angelis, Salvador G"]
[Black "Cornette, Matthieu"]
[Result "1/2-1/2"]
[WhiteElo "2489"]
[BlackElo "2522"]
[PlyCount "38"]
[EventDate "2010.12.04"]
[EventType "swiss"]
[EventRounds "9"]
[EventCountry "ESP"]
[Source "lmi"]
[SourceDate "2010.12.04"]

1. d4 Nf6 2. c4 e6 3. Nc3 Bb4 4. e3 O-O 5. Bd3 d5 6. Nf3 c5 7. O-O Nc6 8. a3
Ba5 9. Ne2 dxc4 10. Bxc4 cxd4 11. exd4 h6 12. Bf4 Bc7 13. Rc1 Bxf4 14. Nxf4 Qd6
15. Qd2 Rd8 16. Rfd1 Bd7 17. h3 Rac8 18. Qe3 Ne7 19. Qe5 Ba4 1/2-1/2

[Event "16. Torneo Navalmoral de la Mata"]
[Site "Navamoral de la Mata ESP"]
[Date "2010.12.07"]
[Round "7.6"]
[White "Galego, Luis"]
[Black "Le Roux, Jean-Pierre"]
[Result "0-1"]
[WhiteElo "2500"]
[BlackElo "2520"]
[PlyCount "96"]
[EventDate "2010.12.04"]
[EventType "swiss"]
[EventRounds "9"]
[EventCountry "ESP"]
[Source "lmi"]
[SourceDate "2010.12.04"]

1. d4 Nf6 2. Nf3 e6 3. c4 d5 4. e3 Nbd7 5. Nc3 c6 6. Qc2 Bd6 7. Bd3 O-O 8. O-O
dxc4 9. Bxc4 b5 10. Be2 Bb7 11. Rd1 Qe7 12. Ng5 Rfd8 13. Bf3 Rac8 14. a4 h6 15.
Nge4 Bb8 16. Ng3 b4 17. Nce2 a5 18. Nf4 Ba6 19. Be2 Bxe2 20. Qxe2 c5 21. Qb5 c4
22. e4 Nc5 23. Qxc4 Ncxe4 24. Qe2 Rxc1 25. Raxc1 Bxf4 26. Nxe4 Bxc1 27. Rxc1
Rxd4 28. Nxf6+ Qxf6 29. g3 Qf5 30. h4 Qd5 31. Qb5 g6 32. Qxd5 Rxd5 33. Rc7 Kg7
34. Kg2 g5 35. hxg5 hxg5 36. g4 Kg6 37. Ra7 f5 38. Ra6 Re5 39. gxf5+ Kxf5 40.
Kf3 Rd5 41. Ke3 g4 42. Rb6 Re5+ 43. Kd3 Kf4 44. Rb8 Kf3 45. Rg8 Re4 46. Rg5 Rf4
47. Rxa5 Kxf2 48. Rg5 g3 0-1

[Event "16. Torneo Navalmoral de la Mata"]
[Site "Navamoral de la Mata ESP"]
[Date "2010.12.07"]
[Round "7.7"]
[White "Cruz, Jonathan"]
[Black "Kolev Ivanov, Atanas"]
[Result "0-1"]
[WhiteElo "2399"]
[BlackElo "2571"]
[PlyCount "60"]
[EventDate "2010.12.04"]
[EventType "swiss"]
[EventRounds "9"]
[EventCountry "ESP"]
[Source "lmi"]
[SourceDate "2010.12.04"]

1. d4 Nf6 2. c4 e6 3. Nc3 Bb4 4. Qc2 d5 5. Nf3 dxc4 6. e3 b5 7. a4 c6 8. g3 Bb7
9. Bg2 Qb6 10. O-O Nbd7 11. e4 a6 12. Be3 c5 13. e5 Ng4 14. Rad1 Nxe3 15. fxe3
cxd4 16. exd4 Be7 17. Kh1 O-O 18. d5 exd5 19. Nxd5 Bxd5 20. Rxd5 Nc5 21. axb5
axb5 22. Nd4 Nd3 23. Nxb5 Ra2 24. h3 Nb4 25. Qxc4 Nxd5 26. Bxd5 Rxb2 27. Bxf7+
Kh8 28. Nc3 Qh6 29. Ne2 Qxh3+ 30. Kg1 Rxe2 0-1

[Event "16. Torneo Navalmoral de la Mata"]
[Site "Navamoral de la Mata ESP"]
[Date "2010.12.07"]
[Round "7.8"]
[White "Perez Mitjans, Orelvis"]
[Black "Pogorelov, Ruslan"]
[Result "1/2-1/2"]
[WhiteElo "2460"]
[BlackElo "2434"]
[PlyCount "24"]
[EventDate "2010.12.04"]
[EventType "swiss"]
[EventRounds "9"]
[EventCountry "ESP"]
[Source "lmi"]
[SourceDate "2010.12.04"]

1. e4 c5 2. Nf3 e6 3. d4 cxd4 4. Nxd4 a6 5. Nc3 Qc7 6. Be2 b5 7. O-O Bb7 8. a3
Nf6 9. Qd3 Be7 10. f4 d6 11. Bf3 Nbd7 12. g4 h6 1/2-1/2

[Event "16. Torneo Navalmoral de la Mata"]
[Site "Navamoral de la Mata ESP"]
[Date "2010.12.07"]
[Round "7.9"]
[White "Komljenovic, Davorin"]
[Black "Santos Latasa, Jaime"]
[Result "1-0"]
[WhiteElo "2459"]
[BlackElo "2253"]
[PlyCount "61"]
[EventDate "2010.12.04"]
[EventType "swiss"]
[EventRounds "9"]
[EventCountry "ESP"]
[Source "lmi"]
[SourceDate "2010.12.04"]

1. Nf3 d5 2. d4 Nf6 3. c4 e6 4. g3 dxc4 5. Qa4+ c6 6. Qxc4 b5 7. Qc2 Bb7 8. Bg2
Nbd7 9. a4 a6 10. O-O Rc8 11. Ne5 Qb6 12. Nxd7 Nxd7 13. Rd1 Be7 14. Nc3 O-O 15.
Bf4 Rfd8 16. e4 Nf6 17. Bg5 Rxd4 18. e5 Nd5 19. Bxe7 Nxe7 20. Ne4 Rcd8 21. Nd6
Rxd1+ 22. Rxd1 Nd5 23. a5 Qc7 24. Qc5 Ne7 25. b4 h6 26. Be4 f5 27. Bc2 Nd5 28.
Bxf5 exf5 29. Rxd5 Qd7 30. Rd4 g5 31. Nxf5 1-0

[Event "16. Torneo Navalmoral de la Mata"]
[Site "Navamoral de la Mata ESP"]
[Date "2010.12.07"]
[Round "7.10"]
[White "Gonzalez Manchon, Juan Miguel"]
[Black "Shishkin, Vadim"]
[Result "1/2-1/2"]
[WhiteElo "2076"]
[BlackElo "2458"]
[PlyCount "86"]
[EventDate "2010.12.04"]
[EventType "swiss"]
[EventRounds "9"]
[EventCountry "ESP"]
[Source "lmi"]
[SourceDate "2010.12.04"]

1. e4 c5 2. Nf3 Nc6 3. d4 cxd4 4. Nxd4 Nf6 5. Nc3 d6 6. Bg5 Qb6 7. Bxf6 gxf6 8.
Nb3 e6 9. Qd2 Bd7 10. O-O-O Na5 11. f4 Nxb3+ 12. axb3 Be7 13. f5 Qc5 14. Be2 h5
15. Rhe1 O-O-O 16. Bc4 b5 17. Bf1 Kb8 18. Kb1 a6 19. Na2 Bc6 20. Nb4 Bb7 21.
Nd3 Qc7 22. Qe3 Bf8 23. c4 bxc4 24. bxc4 Bh6 25. Qd4 Bg5 26. Nb4 Qc5 27. Qc3
Rhe8 28. Be2 Bxe4+ 29. Bd3 Bb7 30. Be4 Qb6 31. Bxb7 Kxb7 32. Qf3+ Kc7 33. Qa3
a5 34. Nd3 Be3 35. c5 Bxc5 36. Rc1 exf5 37. Rxe8 Rxe8 38. Nxc5 dxc5 39. Rxc5+
Kb7 40. Qf3+ Re4 41. Rxf5 Qc6 42. Qb3+ Ka6 43. Qd3+ Kb6 1/2-1/2

[Event "16. Torneo Navalmoral de la Mata"]
[Site "Navamoral de la Mata ESP"]
[Date "2010.12.07"]
[Round "8.2"]
[White "Corrales Jimenez, Fidel"]
[Black "Cruz, Cristhian"]
[Result "1-0"]
[WhiteElo "2597"]
[BlackElo "2485"]
[PlyCount "49"]
[EventDate "2010.12.04"]
[EventType "swiss"]
[EventRounds "9"]
[EventCountry "ESP"]
[Source "lmi"]
[SourceDate "2010.12.04"]

1. e4 c5 2. Nf3 d6 3. d4 cxd4 4. Nxd4 Nf6 5. Nc3 a6 6. Bg5 e6 7. f4 Nbd7 8. Qf3
Qc7 9. O-O-O b5 10. e5 Bb7 11. Qh3 dxe5 12. Nxe6 fxe6 13. Qxe6+ Be7 14. Nxb5
axb5 15. Bxb5 Be4 16. c3 Kf8 17. Rxd7 Qc5 18. Bc4 Qe3+ 19. Kd1 Bf3+ 20. gxf3
Qxf3+ 21. Kc2 Qg2+ 22. Kc1 Qxh1+ 23. Rd1 Qxd1+ 24. Kxd1 Rd8+ 25. Ke2 1-0

[Event "16. Torneo Navalmoral de la Mata"]
[Site "Navamoral de la Mata ESP"]
[Date "2010.12.07"]
[Round "8.4"]
[White "Cornette, Matthieu"]
[Black "Korneev, Oleg"]
[Result "1/2-1/2"]
[WhiteElo "2522"]
[BlackElo "2582"]
[PlyCount "39"]
[EventDate "2010.12.04"]
[EventType "swiss"]
[EventRounds "9"]
[EventCountry "ESP"]
[Source "lmi"]
[SourceDate "2010.12.04"]

1. e4 e5 2. Nf3 Nc6 3. Nc3 Nf6 4. Bb5 Bc5 5. d3 O-O 6. Bg5 h6 7. Bh4 d6 8. Qd2
Be6 9. Bxc6 bxc6 10. Na4 Bb6 11. h3 Kh8 12. g4 g5 13. Nxb6 axb6 14. Nxg5 hxg5
15. Qxg5 Nh7 16. Qxd8 Rfxd8 17. Bxd8 Rxd8 18. f4 exf4 19. O-O Nf6 20. Rxf4
1/2-1/2

[Event "16. Torneo Navalmoral de la Mata"]
[Site "Navamoral de la Mata ESP"]
[Date "2010.12.07"]
[Round "8.5"]
[White "Kolev Ivanov, Atanas"]
[Black "Komljenovic, Davorin"]
[Result "1-0"]
[WhiteElo "2571"]
[BlackElo "2459"]
[PlyCount "51"]
[EventDate "2010.12.04"]
[EventType "swiss"]
[EventRounds "9"]
[EventCountry "ESP"]
[Source "lmi"]
[SourceDate "2010.12.04"]

1. d4 g6 2. e4 Bg7 3. Nf3 d6 4. Bc4 e6 5. Bb3 Ne7 6. O-O O-O 7. c3 b6 8. Re1
Bb7 9. Nbd2 Nbc6 10. Nf1 Na5 11. Bc2 c5 12. Ne3 cxd4 13. cxd4 Rc8 14. b3 b5 15.
Bb2 Qb6 16. b4 Nc4 17. Nxc4 bxc4 18. Bc3 f5 19. Ng5 fxe4 20. Qg4 Nd5 21. Qxe6+
Kh8 22. Rxe4 Nf4 23. Rxf4 Rxf4 24. Nf7+ Rxf7 25. Qxf7 d5 26. Re1 1-0

[Event "16. Torneo Navalmoral de la Mata"]
[Site "Navamoral de la Mata ESP"]
[Date "2010.12.07"]
[Round "8.6"]
[White "Khamrakulov, Ibragim S"]
[Black "Del Rio De Angelis, Salvador G"]
[Result "1/2-1/2"]
[WhiteElo "2494"]
[BlackElo "2489"]
[PlyCount "48"]
[EventDate "2010.12.04"]
[EventType "swiss"]
[EventRounds "9"]
[EventCountry "ESP"]
[Source "lmi"]
[SourceDate "2010.12.04"]

1. e4 e6 2. d4 d5 3. Nd2 c5 4. Ngf3 cxd4 5. Nxd4 Nc6 6. Bb5 Bd7 7. Nxc6 Bxc6 8.
Bxc6+ bxc6 9. c4 Nf6 10. Qa4 Qd7 11. e5 Ng8 12. O-O Rb8 13. a3 Ne7 14. Rd1 Ng6
15. Nf3 Be7 16. b4 f6 17. Bb2 Rc8 18. exf6 Bxf6 19. Bxf6 gxf6 20. Rac1 O-O 21.
cxd5 exd5 22. Nd4 Ne5 23. Qb3 Kh8 24. Qg3 a5 1/2-1/2